000 00538nam a22001697a 4500
999 _c3980
_d3980
003 AR-CdUCM
008 190307b ||||| |||| 00| 0 spa d
040 _aMUNICIPALIDAD PROVINCIAL DEL CUSCO
_cBIBLIOTECA MUNICIPAL DEL CUSCO
082 _a869.56 /
_bO73
100 _aOrtega, Julio
_95562
245 _aLas viñas de moro :
_bPoemas /
260 _aLima:
_bUniversitaria,
_c1968.
300 _a47 paginas;
_c19 cm.
505 _aContenido : Pablo y los muchachos -- Imágenes -- La revolución ...
942 _2ddc
_cLIBROS
945 _arah